00353nam a2200145Ia 4500003000400000008004100004040001600045082001900061100001800080245002900098260004700127300000900174650001100183650001300194GCL140319s9999 xx 000 0 eng d aGCL / cGCL04aCHb386.4bC C1 aCOOPER, JASON10aCANALS / cCOOPER, JASON a[S.N] : bROURK ENTERPRISES ,INC ، c1991 a24 P04aCANALS04aCHILDREN